Manchester United - prawda czy fałsz? - Statystyki

Ogólne statystyki
  • Ten quiz został rozwiązany 268 razy
    263 od ostatniego zresetowania
  • Średni wynik to 10 z 15
Statystyki odpowiedzi
Zagadnienie Odpowiedź % Poprawnych
Przydomkiem klubu są "Czerwone Diabły" Prawda
99%
Posiada najwięcej mistrzostw Premier League Prawda
93%
W United nigdy nie zagrał Polak Fałsz
91%
Fergusson trenował United przez ponad 25 lat Prawda
89%
Wayne Rooney posiada najwięcej bramek w historii klubu Prawda
85%
W 1958 miała miejsce katastrofa w której zginęła 8 zawodników United i trener Prawda
83%
Harry Maguire w sezonie 23/24 został zawodnikiem miesiąca Prawda
77%
Najwyższa wygrana w XXI wieku była z Crystal Palace Fałsz
76%
Nigdy nie spadł z Premier League Prawda
71%
Maskotką jest Fred Prawda
69%
Ma ponad 140 lat Prawda
69%
Manchester United w sezonie 23/24 awansował do Ligi Mistrzów Fałsz
67%
Bobby Charlton to zawodnik posiadający najwięcej występów Prawda
40%
Aktualnie właścicielem jest sir Jim Ratcliffe Fałsz
25%
Harry Maguire był kapitanem Manchesteru United Fałsz
3%
Nie znaleziono quizów pasujących do podanych kryteriów
Rozkład punktacji
Procent ludzi z każdym wynikiem
Percentyl według liczby udzielonych odpowiedzi
Twoja historia wyników
Nie rozwiązałeś tego quizu od ostatniego zresetowania